Bilecik Bilecik Bilecik Bilecik Bilecik

Psikopatolojide dini belirtiler/ (Record no. 61638)

MARC details
000 -BAŞLIK
Sabit Uzunluktaki Kontrol Alanı 00972nam a22003497a 4500
001 - KONTROL NUMARASI
Control Dosyası 0061841
003 - KONTROL NUMARASI KİMLİĞİ
Kontrol Alanı KOHA_MİRAKIL
005 - EN SON İŞLEM TARİHİ ve ZAMANI
Kontrol Alanı 20260207004353.0
007 - FİZİKSEL TANIM SABİT ALAN - GENEL BİLGİ
Sabit uzunluklu kontrol alanı ta
008 - SABİT UZUNLUKTAKİ VERİ ÖGELERİ - GENEL BİLGİ
Sabit Alan 180205b1973 tu |||gr||||#||||0|tur |
040 ## - KATALOGLAMA KAYNAĞI
Özgün Kataloglama Kurumu TR-BiSEU
Kataloglama Dili tur
Çeviri Kurumu TR-BiSEU
Açıklama Kuralları rda
041 0# - DİL KODU
Metin ya da ses kaydının dil kodu tur
044 ## - YAYINLAYAN/ÜRETEN KURULUŞUN ÜLKE KODU
ISO country code tu
050 ## - SINIFLAMA ve YER NUMARASI
Sınıflama Numarası BL53
Yer Numarası .A76 1973
100 1# - KİŞİ ADI
Yazar Adı (Kişi adı) Armaner, Neda.
245 1# - ESER ADI BİLDİRİMİ
Başlık Psikopatolojide dini belirtiler/
Sorumluluk Bildirimi Neda Armaner ; Neda Armaner.
264 #3 - ÜRERİM, YAYIN, DAĞITIM ve TELİF BİLDİRİMİ
Yayın yeri Ankara :
Yayınlayan Ayyıldız
264 #4 - ÜRERİM, YAYIN, DAĞITIM ve TELİF BİLDİRİMİ
Yayın tarihi 1973
300 ## - FİZİKSEL TANIMLAMA
Sayfa, Cilt vb. 220 sayfa; 21 cm.
336 ## - İÇERİK TÜRÜ
Content type term metin
Content type code txt
Source rdacontent
337 ## - MEDYA TÜRÜ
Media type term aracısız
Media type code n
Source rdamedia
338 ## - TAŞIYICI TÜRÜ
Carrier type term cilt
Carrier type code nc
Source rdacarrier
490 1# - DİZİ BİLDİRİMİ
Dizi Bildirimi Araştırma Seri No ;
Cilt Numarası 2.
500 ## - GENEL NOT
Genel Not Dizin var.
500 ## - GENEL NOT
Genel Not Kaynakça var.
650 #0 - KONU BAŞLIĞI EK GİRİŞ - KONU TERİMİ
Konusal terim veya coğrafi ad Psikoloji, Din.
9 (RLIN) 78650
650 #0 - KONU BAŞLIĞI EK GİRİŞ - KONU TERİMİ
Konusal terim veya coğrafi ad Psikopatoloji.
9 (RLIN) 114794
650 #0 - KONU BAŞLIĞI EK GİRİŞ - KONU TERİMİ
Konusal terim veya coğrafi ad Ruh--Psikoloji.
9 (RLIN) 114795
650 #0 - KONU BAŞLIĞI EK GİRİŞ - KONU TERİMİ
Konusal terim veya coğrafi ad Zihin ve beden.
9 (RLIN) 43768
830 1# - SERİ EK GİRİŞİ - TEKBİÇİM ESER ADI
Tekbiçim Başlık Araştırma Seri No ;
Volume number/sequential designation 2.
9 (RLIN) 114796
942 ## - EK GİRİŞ ÖGELERİ (KOHA)
Source of classification or shelving scheme Library of Congress Classification
Koha item type Book
Holdings
Materyal Türü Kalıcı Konum Mevcut Konum Raf Yeri Sınıflandırma Kaynağı Edinim Bilgisi Ana Konular Alt Konular Yer Numarası Demirbaş Numarası Fatura Tarihi Geri Çekilme Durumu Kayıp Durumu Hasarlı Durumu Kredi için değil Kayıt Tarih Toplam Ödünçverme Son Görülme Tarihi Son Kontrol Tarihi Genel / Bağış Notu
Book Prof. Dr. Azmi Özcan Kütüphanesi Prof. Dr. Azmi Özcan Kütüphanesi Uluğbey Salonu Library of Congress Classification Bağış FELSEFE, PSİKOLOJİ, DİN Dinler, Mitoloji, Rasyonalizm BL53 .A76 1973 0061841 02/02/2026         05/02/2018   05/12/2024 05/12/2024 Genel Bağış